Statystyki dla Przeciwnicy Polski w eliminacjach do euro 2024

Kliknij tutaj aby rozwiązać quiz!

Ogólne statystyki

  • Ten quiz został rozwiązany 42 razy
  • Średni wynik to 10 z 10

Statystyki odpowiedzi

WynikPrzeciwnik% Poprawnych
3:1 PrzegranaCzechy
100%
5:1 WygranaEstonia
100%
0:0 (4:5) WygranaWalia
100%
1:0 WygranaAlbania
95%
2:0 PrzegranaAlbania
95%
1:1 RemisCzechy
95%
3:2 PrzegranaMołdawia
95%
1:1 RemisMołdawia
95%
2:0 WygranaWyspy Owcze
93%
2:0 WygranaWyspy Owcze
93%

Rozkład punktacji

Percentyl według liczby udzielonych odpowiedzi

Procent ludzi z każdym wynikiem

Twoja historia wyników

Nie rozwiązałeś tego quizu